[Event "Preinscritos IRT Online"]
[Site "Chess.com INT"]
[Date "2020.12.26"]
[Round "8"]
[White "Vergara Loor, James Steven"]
[Black "Vintimilla, Xavier"]
[Result "0-1"]
[WhiteElo "1931"]
[BlackElo "1877"]
[PlyCount "94"]
[EventDate "2020.12.26"]
[EventType "swiss"]
[EventRounds "11"]
[EventCountry "ECU"]
[SourceTitle "CBM 200 Extra"]
[Source "ChessBase"]
[SourceDate "2021.03.31"]
[SourceVersion "1"]
[SourceVersionDate "2021.03.31"]
[SourceQuality "1"]

1. c4 e5 2. g3 c6 3. Nf3 Qc7 4. Nc3 Nf6 5. d4 e4 6. Ng5 d5 7. cxd5 cxd5 8. Qb3 Qd6 9. Bf4 Qb4 10. f3 Qxb3 11. axb3 h6 12. Nh3 Nc6 13. e3 exf3 14. Bb5 g5 15. Be5 Bg7 16. Nf2 0-0 17. 0-0 a6 18. Bxf6 Bxf6 19. Nxd5 Bg7 20. Bxc6 bxc6 21. Ne7+ Kh7 22. Nxc6 Be6 23. Nb4 Bxb3 24. Ne4 g4 25. Nc5 Bc4 26. Rfc1 Be2 27. Nbxa6 Rfe8 28. Kf2 Bf6 29. Nc7 Rxa1 30. Rxa1 Rc8 31. Nd5 Bg5 32. Nc3 Re8 33. e4 Bc4 34. Ra4 Be6 35. d5 Rb8 36. Nd3 Bd7 37. Ra7 Be8 38. e5 Bd8 39. Kf1 Bb6 40. Re7 Ra8 41. Nf2 Ra1+ 42. Nfd1 Bb5+ 43. Ke1 f2+ 44. Kd2 f1Q 45. e6 Qd3+ 46. Ke1 Rxd1+ 47. Nxd1 Qe2# 0-1